000 00381nam a2200121 4500
999 _c13750
_d13750
008 190403b ||||| |||| 00| 0 eng d
100 _938220
_aBuban, Charles E.
245 _aPh food tourism emerges as an economic bright spot/
_cCharles E. Buban
260 _aPhilippines:
_bPhilippine Daily Inquirer;
_cc2018.
300 _apage B3-3.
650 0 _938221
_aFood.
942 _2ddc
_cPER